书目信息 |
| 题名: |
“七0二”的生产和应用
|
|
| 作者: | 上海、广东“七0二”协作组编 | |
| 分册: | ||
| 出版信息: | 广州 广东人民出版社 1972 |
|
| 页数: | 54页 | |
| 开本: | 19cm | |
| 丛书名: | ||
| 单 册: | ||
| 中图分类: | S144 | |
| 科图分类: | ||
| 主题词: | 细菌肥料--施肥 | |
| 电子资源: | ||
| ISBN: | 16111.132 | |
| 000 | 00665cam0 2200229 450 | |
| 001 | 0105510175 | |
| 005 | 20060814103831.0 | |
| 010 | @a16111.132@dCNY0.13 | |
| 091 | @a16111.132@dCNY0.13 | |
| 100 | @a19970415d1972 em y0chiy0110 ea | |
| 101 | 0 | @achi |
| 102 | @aCN@b440000 | |
| 105 | @ay z 000yy | |
| 106 | @ar | |
| 200 | 1 | @a“七0二”的生产和应用@9“ Qi 0 Er ” De;Di Sheng Chan He;Huo;Hu Ying Yong @f上海、广东“七0二”协作组编@b专著 |
| 210 | @a广州@c广东人民出版社@d1972 | |
| 215 | @a54页@d19cm | |
| 606 | 0 | @a细菌肥料@x施肥 |
| 690 | @aS144@v3 | |
| 801 | 0 | @aCN@b广东省中山图书馆@c19970415 |
| 801 | 2 | @aCN@bAiZhiMarc |
| 905 | @aBZT@dS14@e6@f2@sS14/6 | |
| “七0二”的生产和应用/上海、广东“七0二”协作组编.-广州:广东人民出版社,1972 |
| 54页;19cm |
| ISBN 16111.132:CNY0.13 |
| ● |
| 相关链接 |
|
|
|
正题名:"七0二"的生产和应用
索取号:S14/6
 
预约/预借
| 序号 | 登录号 | 条形码 | 馆藏地/架位号 | 状态 | 备注 |
| 1 | 2000033974 | 2000033974 | 旧书回溯/ [索取号:S14/6] | 在馆 | |
| 2 | 2000101956 | 2000101956 | 旧书回溯/ [索取号:S14/6] | 在馆 |